| 000 | 00996nam a22002657a 4500 | ||
|---|---|---|---|
| 005 | 20251108170526.0 | ||
| 008 | 250721s2001 xx 000 0 ara d | ||
| 082 | 1 | 4 | _a915.694/غني |
| 100 | 1 | _aغنيم، عبد الحميد عبد القادر | |
| 245 | 1 | 0 |
_aجغرافية الإمارات العربية المتحدة الإقليمية : _bالطبيعة و البشرية / |
| 264 | 1 |
_aالعين (الإمارات) : _bدار الكتاب الجامعي، _c2001. |
|
| 300 | _a557ص | ||
| 650 | 1 | 7 | _aالجغرافيا الطبيعية |
| 650 | 1 | 7 | _aالجغرافيا البشرية |
| 650 | 1 | 7 | _aعلم التضاريس |
| 650 | 1 | 7 | _aالمناخ |
| 650 | 1 | 7 | _aالكيان السياسي |
| 650 | 1 | 7 | _aالموارد المائية التربة |
| 650 | 1 | 7 | _aالغطاء النباتي |
| 650 | 1 | 7 | _aالسكان |
| 650 | 1 | 7 | _aالمستوطنات البشرية |
| 650 | 1 | 7 | _aالإمارات العربية المتحدة |
| 942 |
_2ddc _cBK |
||
| 999 |
_c42659 _d42659 |
||